Marcus Rashford Quiz - Statistics

General Stats
  • This quiz has been taken 25 times
  • The average score is 13 of 25
Answer Stats
Question Answer % Correct
In which year was Rashford born? 1997
96%
In which city was Marcus Rashford born? Manchester
91%
In which year did Marcus Rashford make his national team debut? 2016
87%
What was Marcus Rashford's first shirt number at Manchester United? 39
87%
Who was the other Manchester United player to miss a penalty in the European Euro final 2021? Jadon Sancho
78%
Under which coach did Marcus rashford play his last game for Manchester United? Ruben Amorim
78%
Against which team did Marcus Rashford score his first two professional goals in the Premier League? FC Arsenal
74%
Against which team did Rashford win the EFL Cup 2023/24 with Manchester United? Newcastle United
70%
Under which coach did Marcus Rashford make his Premier League debut? Louis Van Gaal
65%
Which team did Manchester United beat in the 2016/17 UEFA Europa League final? Ajax Amsterdam
61%
Who assisted Marcus Rashford's first ever professionel goal against FC Midtjylland? Juan Mata
61%
Which player has the most appearances with Marcus Rashford? David De Gea
57%
Who wore the number 10 jersey at Manchester United before Marcus Rashford? Zlatan Ibrahimovic
57%
Against which team did Marcus Rashford score a UEFA Champions League hat-trick after coming on as a substitute? RB Leipzig
52%
Against which team did Marcus Rashford make his Aston Villa debut in february 2025? Tottenham Hotspurs
48%
Which other player scored alongside Marcus Rashford in the EFL Cup Final 2022/23 ? Casemiro
39%
Which player has played the most international matches alongside Marcus Rashford? Harry Kane
39%
Against which team did Marcus Rashford score his first World Cup goal? Iran
35%
Against which Premier League team has Marcus Rashford scored the most goals? Leicester City
35%
Against which national team did Marcus Rashford score his first goal for England? Australia
22%
In which stadium did Marcus Rashford score his first away goal for Manchester United? Etihad Stadium
22%
What is Rashford's second citizenship? St Kitts and Nevis
22%
Against which team did rashford play his last game for Manchester United? Nottingham Forest
17%
Against which team did Marcus Rashford score his first UEFA Champions League goal? FC Basel
13%
Who was Marcus Rashford’s first senior England national team coach? Sam Allardyce
9%
No matching quizzes found
Score Distribution
Percent of People with Each Score
Percentile by Number Answered
Your Score History
You have not taken this quiz